Lengua y literatura iii /
Guardado en:
| Autor Principal: | |
|---|---|
| Formato: | Libro |
| Publicado: |
Buenos Aires :
A-z,
2001
|
| Series: | Polimodal A-z
|
| Materias: | |
| Etiquetas: |
Agregar Etiqueta
Sin Etiquetas, Sea el primero en etiquetar este registro!
|
| LEADER | 01024nam a22002415a 4500 | ||
|---|---|---|---|
| 001 | CEM.cems010611 | ||
| 005 | 20080507140054.0 | ||
| 008 | 130507s2001##################000#0#####d | ||
| 003 | CEMS | ||
| 020 | |a 9505346506 | ||
| 082 | 0 | 4 | |a 468 |
| 100 | 1 | |a Marsimian, Silvina | |
| 245 | 1 | 0 | |a Lengua y literatura iii / |c Cordinado Por Silvina Marsimian |
| 260 | |a Buenos Aires : |b A-z, |c 2001 | ||
| 300 | |a 303 p. | ||
| 490 | 0 | |a Polimodal A-z | |
| 500 | |a Incluye antología literaria | ||
| 505 | 0 | |a Origen y consolidación del ensayo -- El ensayo y la argumentación -- La publicidad -- El teatro y los signos -- Tiempo y espacio -- Teatro y tiempo -- La conversación -- Cuestión de gustos -- El saber de los relatos -- El relato histórico -- El oficio de periodista -- Literatura y periodismo -- El nuevo periodismo -- La literatura no ficcional o non fiction | |
| 653 | |a Lengua | ||
| 653 | |a Literatura | ||
| 653 | |a Lengua-polimodal | ||
| 653 | |a Literatura-polimodal | ||
| 859 | |a CEMS |b BIB. CEMS - 11 de abril |h 468 |i M359 |p 21159.01 |t Ej.1 | ||
